000 01126 a2200289 4500
003 Nust
005 20240122111006.0
010 _a 95186509
020 _a0198613199 (plain)
020 _a0198613202 (thumb index : acid-free)
040 _cNust
082 0 0 _a423,CON
245 0 4 _aThe concise Oxford dictionary of current English /
246 1 8 _aOxford concise English
250 _a9th ed. /
_bedited by Della Thompson.
260 _aOxford :
_bClarendon Press ;
_aNew York :
_bOxford University Press,
_c1995.
300 _axxi, 1673 p. ;
_c25 cm.
500 _a"First edited by H.W. Fowler and F.G. Fowler."
650 0 _aEnglish language
_xDictionaries.
_947007
650 0 _aEnglish language
_xNew words
_xDictionaries.
_947008
700 1 _aFowler, F. G.
_d1870-1918.
_9119994
700 1 _aFowler, H. W.
_d1858-1933.
_9119995
700 1 _aThompson, Della.
_958647
856 4 2 _3Contributor biographical information
_uhttp://www.loc.gov/catdir/enhancements/fy0725/95186509-b.html
856 4 2 _3Publisher description
_uhttp://www.loc.gov/catdir/enhancements/fy0638/95186509-d.html
942 _2ddc
_cBK
_k423,CON
999 _c184430
_d184430